[Event "3FoglarVeterans_SIM_A"]
[Site "?"]
[Date "2007.??.??"]
[Round "?"]
[White "Timokhovich, Nikolai"]
[Black "Kostal, Jindrich"]
[Result "1/2-1/2"]
[WhiteElo "2345"]
[BlackElo "2385"]
[PlyCount "50"]
[EventDate "2007.??.??"]
[EventType "corr"]
[SourceDate "2007.04.06"]

1. e4 e5 2. Nf3 Nc6 3. Bb5 a6 4. Bxc6 dxc6 5. O-O Qd6 6. Na3 b5 7. c3 c5 8. Nc2
Bb7 9. Re1 Ne7 10. a4 b4 11. cxb4 cxb4 12. d4 exd4 13. e5 Qd7 14. Ncxd4 c5 15.
e6 fxe6 16. Nxe6 Qxd1 17. Rxd1 Bxf3 18. gxf3 Rc8 19. Bf4 Ng6 20. Bd6 Be7 21.
Rac1 Rc6 22. Bxe7 Kxe7 23. Nxc5 Rhc8 24. Rd5 Kf7 25. Rc4 Ne7 1/2-1/2

[Event "3FoglarVeterans_SIM_A"]
[Site "?"]
[Date "2007.??.??"]
[Round "?"]
[White "Peczkowski, Marek"]
[Black "Glembek, Bohumir"]
[Result "1/2-1/2"]
[WhiteElo "2345"]
[BlackElo "2189"]
[PlyCount "70"]
[EventDate "2007.??.??"]
[EventType "corr"]
[SourceDate "2007.04.06"]

1. e4 e5 2. Nf3 Nc6 3. Bb5 a6 4. Bxc6 dxc6 5. O-O Qd6 6. d4 exd4 7. Nxd4 Bd7 8.
c3 O-O-O 9. Nd2 c5 10. N4f3 Qe6 11. Re1 Ne7 12. Qb3 Ng6 13. Qxe6 Bxe6 14. Ng5
Ne5 15. Nxe6 fxe6 16. Nf3 Nxf3+ 17. gxf3 c4 18. Be3 Bd6 19. f4 Rhf8 20. e5 Be7
21. Kf1 b5 22. a4 Rd3 23. axb5 axb5 24. Ra5 Kd7 25. Rxb5 Ra8 26. b3 Rxc3 27.
bxc4 Rxc4 28. Rd1+ Kc8 29. Rb2 Raa4 30. Rbd2 Bc5 31. Ke2 Bxe3 32. fxe3 g5 33.
fxg5 Rh4 34. Rd8+ Kb7 35. Rb1+ Ka7 1/2-1/2

[Event "3FoglarVeterans_SIM_A"]
[Site "?"]
[Date "2007.??.??"]
[Round "?"]
[White "Anderson, Brian"]
[Black "Leroy, Jacques"]
[Result "1-0"]
[WhiteElo "2346"]
[BlackElo "2386"]
[PlyCount "99"]
[EventDate "2007.??.??"]
[EventType "corr"]
[SourceDate "2007.04.06"]

1. e4 c5 2. Nf3 d6 3. d4 cxd4 4. Nxd4 Nf6 5. Nc3 g6 6. Be3 Bg7 7. f3 O-O 8. Qd2
Nc6 9. O-O-O Nxd4 10. Bxd4 Be6 11. Kb1 Qc7 12. h4 Rfc8 13. h5 Qa5 14. hxg6 fxg6
15. a3 Bf7 16. g4 Rc6 17. g5 Nh5 18. Bxg7 Kxg7 19. Bh3 e6 20. Bg4 Rac8 21. Ne2
Qxd2 22. Rxd2 Rb6 23. f4 Rf8 24. Rd3 Rc8 25. b3 a5 26. f5 exf5 27. exf5 Rc5 28.
Nd4 Kg8 29. Bxh5 gxh5 30. Re1 Kf8 31. Kc1 Re5 32. Kd2 Ra6 33. Rc3 Rc5 34. Rce3
b5 35. Re7 Rd5 36. Kd3 a4 37. b4 Ra8 38. Rc7 Re5 39. Rxe5 dxe5 40. Nc6 Re8 41.
Ke4 Bg8 42. Nxe5 Re7 43. Rxe7 Kxe7 44. f6+ Ke6 45. Nc6 Kd7 46. Nd4 Bc4 47. Kf4
Ke8 48. Nf5 Be2 49. Kg3 Bg4 50. Ng7+ 1-0

[Event "3FoglarVeterans_SIM_A"]
[Site "?"]
[Date "2007.??.??"]
[Round "?"]
[White "Glembek, Bohumir"]
[Black "Anderson, Brian"]
[Result "1/2-1/2"]
[WhiteElo "2189"]
[BlackElo "2346"]
[PlyCount "52"]
[EventDate "2007.??.??"]
[EventType "corr"]
[SourceDate "2007.04.06"]

1. d4 Nf6 2. c4 g6 3. Nc3 d5 4. cxd5 Nxd5 5. e4 Nxc3 6. bxc3 Bg7 7. Bc4 c5 8.
Ne2 Nc6 9. Be3 O-O 10. O-O Bd7 11. Rb1 Qc7 12. Bd3 Rad8 13. Qc1 Na5 14. d5 c4
15. Bc2 b6 16. Re1 e5 17. Ng3 Nb7 18. Qd2 Nd6 19. f3 Rc8 20. a4 Nb7 21. Rb4 f5
22. exf5 gxf5 23. Bh6 f4 24. Bxg7 Kxg7 25. Ne4 Nd6 26. Ng3 fxg3 1/2-1/2

[Event "3FoglarVeterans_SIM_A"]
[Site "?"]
[Date "2007.??.??"]
[Round "?"]
[White "Sage, Francois"]
[Black "Timokhovich, Nikolai"]
[Result "1/2-1/2"]
[WhiteElo "2371"]
[BlackElo "2345"]
[PlyCount "43"]
[EventDate "2007.??.??"]
[EventType "corr"]
[SourceDate "2007.04.06"]

1. d4 d5 2. c4 e6 3. Nc3 Be7 4. Nf3 Nf6 5. Bf4 O-O 6. e3 c5 7. dxc5 Bxc5 8.
cxd5 Nxd5 9. Nxd5 exd5 10. a3 Nc6 11. Bd3 Bb6 12. O-O d4 13. Qc2 h6 14. Bh7+
Kh8 15. Be4 dxe3 16. Bxe3 Bxe3 17. fxe3 Bd7 18. Qb3 Qe7 19. Bd5 b6 20. e4 Rac8
21. Rac1 Ne5 22. h3 1/2-1/2

[Event "3FoglarVeterans_SIM_A"]
[Site "?"]
[Date "2007.??.??"]
[Round "?"]
[White "Ryska, Jiri"]
[Black "Leemans, Robert"]
[Result "1/2-1/2"]
[WhiteElo "2257"]
[BlackElo "2348"]
[PlyCount "52"]
[EventDate "2007.??.??"]
[EventType "corr"]
[SourceDate "2007.04.06"]

1. Nf3 c5 2. Nc3 Nc6 3. e4 d6 4. d4 cxd4 5. Nxd4 Nf6 6. Bc4 Qb6 7. Nb3 e6 8.
Be3 Qc7 9. Bd3 Be7 10. f4 a6 11. O-O b5 12. Qf3 O-O 13. a4 b4 14. Ne2 Bb7 15.
Kh1 Na5 16. Nxa5 Qxa5 17. Nd4 Rac8 18. Nb3 Qc7 19. Rac1 Rfe8 20. Bd2 e5 21.
fxe5 dxe5 22. a5 Qd6 23. Qe2 Qc6 24. Rce1 Qe6 25. Kg1 Red8 26. Bg5 Rc7 1/2-1/2

[Event "3FoglarVeterans_SIM_A"]
[Site "?"]
[Date "2007.??.??"]
[Round "?"]
[White "Bucek, Jiri"]
[Black "Ryska, Jiri"]
[Result "1-0"]
[WhiteElo "2370"]
[BlackElo "2257"]
[PlyCount "91"]
[EventDate "2007.??.??"]
[EventType "corr"]
[SourceDate "2007.04.06"]

1. e4 e5 2. Nf3 Nc6 3. Bb5 a6 4. Ba4 Nf6 5. O-O Be7 6. Re1 b5 7. Bb3 d6 8. c3
O-O 9. h3 Na5 10. Bc2 c5 11. d4 Qc7 12. Nbd2 cxd4 13. cxd4 Bb7 14. d5 Rac8 15.
Bd3 Nd7 16. Nf1 f5 17. Ng3 f4 18. Nf5 Bd8 19. Bd2 Nc4 20. Rc1 Qb8 21. Bxc4 bxc4
22. Bb4 Rxf5 23. exf5 Nf6 24. Qa4 Bxd5 25. b3 a5 26. Bxa5 Bxa5 27. Qxa5 Qb7 28.
Qa3 cxb3 29. Rxc8+ Qxc8 30. axb3 Ne8 31. Rd1 Bc6 32. Rc1 Qb7 33. Ng5 h6 34. Ne6
Qd7 35. Qa6 Be4 36. Qa4 Qxa4 37. bxa4 Bxf5 38. Nc7 Kf7 39. f3 Bd3 40. a5 Nxc7
41. Rxc7+ Kf6 42. Rd7 Ke6 43. Rxg7 Kd5 44. Rg8 Kc5 45. Rh8 h5 46. Rxh5 1-0

[Event "3FoglarVeterans_SIM_A"]
[Site "?"]
[Date "2007.??.??"]
[Round "?"]
[White "Timokhovich, Nikolai"]
[Black "Miciak, Emanuel"]
[Result "1/2-1/2"]
[WhiteElo "2345"]
[BlackElo "2372"]
[PlyCount "99"]
[EventDate "2007.??.??"]
[EventType "corr"]
[SourceDate "2007.04.06"]

1. e4 e5 2. Nf3 Nc6 3. Bb5 a6 4. Bxc6 dxc6 5. O-O f6 6. d4 exd4 7. Nxd4 c5 8.
Nb3 Qxd1 9. Rxd1 Bg4 10. f3 Bd7 11. Nc3 O-O-O 12. Bf4 c4 13. Na5 b5 14. a4 Bc5+
15. Kf1 Ne7 16. axb5 axb5 17. Bg3 Rhe8 18. b3 Bb4 19. Be1 cxb3 20. Nxb3 Kb8 21.
Rab1 Bxc3 22. Bxc3 Be6 23. Nd4 Bc4+ 24. Ke1 c6 25. Ba5 Rd7 26. Nxc6+ Nxc6 27.
Rxd7 Nxa5 28. Rbd1 f5 29. R1d6 fxe4 30. f4 Re6 31. Rxe6 Bxe6 32. Rxg7 Nc6 33.
Kd2 Nd4 34. g4 e3+ 35. Kxe3 Nxc2+ 36. Kd3 Ne1+ 37. Ke2 Nc2 38. f5 Nd4+ 39. Ke3
Nxf5+ 40. gxf5 Bxf5 41. Kd4 Bg6 42. h4 Kc8 43. Kc5 b4 44. Kxb4 Kd8 45. Kc5 Ke8
46. Kd6 Kf8 47. Rc7 Kg8 48. Ke5 Bd3 49. Kf6 h6 50. Rd7 1/2-1/2

[Event "3FoglarVeterans_SIM_A"]
[Site "?"]
[Date "2007.??.??"]
[Round "?"]
[White "Canibal, Jaromir"]
[Black "Leroy, Jacques"]
[Result "1-0"]
[WhiteElo "2179"]
[BlackElo "2386"]
[PlyCount "51"]
[EventDate "2007.??.??"]
[EventType "corr"]
[SourceDate "2007.04.06"]

1. e4 c5 2. c3 d5 3. exd5 Qxd5 4. d4 Nc6 5. Nf3 Bg4 6. Be2 cxd4 7. cxd4 e6 8.
Nc3 Qa5 9. h3 Bxf3 10. Bxf3 Bb4 11. O-O Nge7 12. Bd2 Nxd4 13. Bxb7 Rd8 14. a3
Bxc3 15. bxc3 Ndc6 16. Qc2 O-O 17. Rfd1 Qb5 18. Rab1 Qe2 19. Qc1 Qc4 20. Qc2 h6
21. Qb3 Qe2 22. Bxc6 Nxc6 23. Be3 Ne5 24. Bxa7 Nf3+ 25. gxf3 Qxf3 26. Rxd8 1-0

[Event "3FoglarVeterans_SIM_A"]
[Site "?"]
[Date "2007.??.??"]
[Round "?"]
[White "Plchut, Jan"]
[Black "Timokhovich, Nikolai"]
[Result "1/2-1/2"]
[WhiteElo "2324"]
[BlackElo "2345"]
[PlyCount "118"]
[EventDate "2007.??.??"]
[EventType "corr"]
[SourceDate "2007.04.06"]

1. Nf3 d5 2. g3 e6 3. Bg2 Nf6 4. d3 c5 5. Nbd2 Nc6 6. O-O g6 7. e4 Bg7 8. exd5
Nxd5 9. Nb3 b6 10. c4 Nde7 11. d4 Ba6 12. Qc2 cxd4 13. Nbxd4 Bxd4 14. Rd1 Bb7
15. Be3 Nf5 16. Qa4 Nxe3 17. Rxd4 Qe7 18. fxe3 O-O 19. Rd3 Rac8 20. Rad1 Na5
21. Nd2 Rfd8 22. Bxb7 Qxb7 23. Qc2 Rxd3 24. Qxd3 Qe7 25. Qc3 e5 26. Rf1 Nc6 27.
a3 Rd8 28. b4 e4 29. c5 bxc5 30. bxc5 Rd3 31. Qf6 Qxf6 32. Rxf6 Ne5 33. Nxe4
Rxe3 34. Nd6 Rxa3 35. Rf2 a5 36. Rc2 Nc6 37. Kg2 f5 38. h4 Rb3 39. Nc4 Rb5 40.
Nd6 Rb4 41. Re2 a4 42. Re8+ Kg7 43. Ra8 Kf6 44. Ra6 Nb8 45. Ra7 Ke5 46. Nc8 Kd4
47. Nb6 Kxc5 48. Nxa4+ Kd4 49. h5 g5 50. h6 Nc6 51. Rxh7 Rxa4 52. Rh8 Ra2+ 53.
Kg1 Ra7 54. h7 Rd7 55. Rc8 Rxh7 56. Rxc6 g4 57. Re6 Rc7 58. Re2 Rc3 59. Kf2
Rf3+ 1/2-1/2

[Event "3FoglarVeterans_SIM_A"]
[Site "?"]
[Date "2007.??.??"]
[Round "?"]
[White "Timokhovich, Nikolai"]
[Black "Ryska, Jiri"]
[Result "1-0"]
[WhiteElo "2345"]
[BlackElo "2257"]
[PlyCount "101"]
[EventDate "2007.??.??"]
[EventType "corr"]
[SourceDate "2007.04.06"]

1. e4 e5 2. Nf3 Nc6 3. Bb5 a6 4. Bxc6 dxc6 5. O-O Qd6 6. Na3 b5 7. c3 c5 8. Nc2
Bb7 9. Re1 Ne7 10. a4 b4 11. cxb4 cxb4 12. d4 exd4 13. e5 Qd7 14. Ncxd4 c5 15.
e6 Qd5 16. Re5 Qd6 17. exf7+ Kxf7 18. Bf4 Kg8 19. Rf5 Qd7 20. Rxc5 Nd5 21. Ne5
Qd6 22. Nd3 Qf6 23. Be5 Qf7 24. Rc2 h5 25. Rac1 Rh6 26. Re2 h4 27. Nc5 Bxc5 28.
Rxc5 Rh5 29. Qb3 Rf8 30. Rcc2 Nf4 31. Qxf7+ Rxf7 32. Bxf4 Rxf4 33. Ne6 Rg4 34.
f4 Rf5 35. h3 Rg6 36. Kh2 Rff6 37. Red2 Rg3 38. Rc7 Rxe6 39. Rxb7 b3 40. f5 Rf6
41. Rd5 Rf8 42. Rb4 Rg5 43. Rxh4 Rgxf5 44. Rxf5 Rxf5 45. Rb4 Ra5 46. Kg3 Kh7
47. Kf3 Rc5 48. Rxb3 Rc4 49. a5 Rc5 50. Ra3 Rb5 51. b3 1-0

[Event "3FoglarVeterans_SIM_A"]
[Site "?"]
[Date "2007.??.??"]
[Round "?"]
[White "Anderson, Brian"]
[Black "Miciak, Emanuel"]
[Result "1/2-1/2"]
[WhiteElo "2346"]
[BlackElo "2372"]
[PlyCount "52"]
[EventDate "2007.??.??"]
[EventType "corr"]
[SourceDate "2007.04.06"]

1. e4 e5 2. Nf3 Nc6 3. Bb5 a6 4. Ba4 Nf6 5. O-O Be7 6. Re1 b5 7. Bb3 O-O 8. a4
b4 9. d3 d6 10. c3 Rb8 11. Nbd2 Na5 12. Ba2 Bg4 13. h3 Be6 14. Bxe6 fxe6 15. d4
bxc3 16. bxc3 Nd7 17. dxe5 Nxe5 18. Nxe5 dxe5 19. Qe2 Bc5 20. Nf3 Qd6 21. Kh1
Qb6 22. Bd2 Bd6 23. Rab1 Qc6 24. Rxb8 Rxb8 25. c4 Nb3 26. Bc3 Qxa4 1/2-1/2

[Event "3FoglarVeterans_SIM_A"]
[Site "?"]
[Date "2007.??.??"]
[Round "?"]
[White "Glaser, Karel"]
[Black "Sage, Francois"]
[Result "1/2-1/2"]
[WhiteElo "2165"]
[BlackElo "2371"]
[PlyCount "77"]
[EventDate "2007.??.??"]
[EventType "corr"]
[SourceDate "2007.04.06"]

1. e4 e5 2. Nf3 Nf6 3. d4 Nxe4 4. Bd3 d5 5. Nxe5 Nd7 6. Qe2 Nxe5 7. Bxe4 dxe4
8. Qxe4 Be6 9. Qxe5 Qd7 10. Be3 Bb4+ 11. c3 Bd6 12. Qh5 O-O 13. O-O f5 14. f4
Rf6 15. Nd2 Qb5 16. Rfe1 Qxb2 17. c4 Bf7 18. Qd1 Re8 19. Qb3 Qa3 20. Nf3 b5 21.
Qxa3 Bxa3 22. cxb5 Rb6 23. Bc1 Rxe1+ 24. Nxe1 Bb4 25. Nd3 Bc3 26. Bb2 Bxb2 27.
Nxb2 Rxb5 28. Nd3 Bd5 29. Rc1 Be4 30. a4 Rb7 31. Nc5 Rb1 32. Rxb1 Bxb1 33. Kf2
Kf7 34. h3 Ke7 35. g4 h6 36. a5 Ba2 37. Na6 Bc4 38. Nc5 Be6 39. g5 1/2-1/2

[Event "3FoglarVeterans_SIM_A"]
[Site "?"]
[Date "2007.??.??"]
[Round "?"]
[White "Kostal, Jindrich"]
[Black "Leroy, Jacques"]
[Result "0-1"]
[WhiteElo "2385"]
[BlackElo "2386"]
[PlyCount "74"]
[EventDate "2007.??.??"]
[EventType "corr"]
[SourceDate "2007.04.06"]

1. e4 c5 2. Nf3 Nc6 3. Bb5 a6 4. Ba4 b5 5. Bb3 c4 6. d4 cxb3 7. axb3 d6 8. d5
Ne5 9. Nd4 Nf6 10. Qe2 Bb7 11. O-O g6 12. Bd2 Bg7 13. Ba5 Qc8 14. Nd2 Nh5 15.
f4 Nc4 16. Bc3 Nxd2 17. Qxd2 Nf6 18. Rfe1 O-O 19. f5 Qc5 20. b4 Qb6 21. Kh1
Rac8 22. Rad1 Rc4 23. b3 Rc7 24. Re2 Ra8 25. Qd3 Nd7 26. Ba1 Ne5 27. Qg3 a5 28.
bxa5 Rxa5 29. Bb2 Ra2 30. c3 b4 31. c4 Nxc4 32. bxc4 Rxb2 33. Rxb2 Bxd4 34.
Rbb1 Rxc4 35. Rd3 Qc5 36. Qg5 Bf6 37. Qg3 b3 0-1

[Event "3FoglarVeterans_SIM_A"]
[Site "?"]
[Date "2007.??.??"]
[Round "?"]
[White "Sage, Francois"]
[Black "Canibal, Jaromir"]
[Result "1/2-1/2"]
[WhiteElo "2371"]
[BlackElo "2179"]
[PlyCount "99"]
[EventDate "2007.??.??"]
[EventType "corr"]
[SourceDate "2007.04.06"]

1. d4 Nf6 2. c4 g6 3. Nf3 Bg7 4. g3 O-O 5. Bg2 d6 6. Nc3 c6 7. O-O Qa5 8. e4 e5
9. h3 Nbd7 10. Be3 Nb6 11. dxe5 dxe5 12. Qd3 Be6 13. b3 Rfd8 14. Qc2 Nbd7 15.
Rfd1 h6 16. Ne1 Nf8 17. Nd3 Qc7 18. Rac1 Nh5 19. Qb2 f5 20. Nd5 Qd7 21. Nxe5
cxd5 22. cxd5 f4 23. gxf4 Bxh3 24. Qe2 Bxe5 25. fxe5 Bxg2 26. Kxg2 Re8 27. e6
Qg7 28. Rc4 b5 29. Rc5 Rac8 30. Rdc1 Rxc5 31. Rxc5 Qe5 32. Qf3 Kh8 33. Bd2 Nxe6
34. Bc3 Nd4 35. Qd1 Qxe4+ 36. Kg1 a6 37. Qxd4+ Qxd4 38. Bxd4+ Kg8 39. Be3 Nf6
40. Bxh6 Rd8 41. Rc6 Nxd5 42. Rxa6 Kf7 43. a4 bxa4 44. bxa4 Nb4 45. Rb6 Nd5 46.
Rb7+ Ke6 47. a5 Ra8 48. Bd2 Ra6 49. f3 Kd6 50. Rb1 1/2-1/2

[Event "3FoglarVeterans_SIM_A"]
[Site "?"]
[Date "2007.??.??"]
[Round "?"]
[White "Miciak, Emanuel"]
[Black "Glaser, Karel"]
[Result "1-0"]
[WhiteElo "2372"]
[BlackElo "2165"]
[PlyCount "39"]
[EventDate "2007.??.??"]
[EventType "corr"]
[SourceDate "2007.04.06"]

1. d4 Nf6 2. c4 e6 3. Nf3 d5 4. Nc3 c6 5. Bg5 h6 6. Bh4 dxc4 7. e4 g5 8. Bg3 b5
9. Be2 Bb7 10. h4 g4 11. Ne5 h5 12. O-O Be7 13. f3 Rh7 14. fxg4 hxg4 15. Bxg4
b4 16. Nxf7 Kxf7 17. e5 bxc3 18. exf6 Bxf6 19. bxc3 Nd7 20. Qf3 1-0

[Event "3FoglarVeterans_SIM_A"]
[Site "?"]
[Date "2007.??.??"]
[Round "?"]
[White "Plchut, Jan"]
[Black "Anderson, Brian"]
[Result "1/2-1/2"]
[WhiteElo "2324"]
[BlackElo "2346"]
[PlyCount "46"]
[EventDate "2007.??.??"]
[EventType "corr"]
[SourceDate "2007.04.06"]

1. Nf3 Nf6 2. g3 d5 3. Bg2 c5 4. O-O Nc6 5. d3 e5 6. Nbd2 Be7 7. e4 O-O 8. c3
d4 9. cxd4 cxd4 10. Nc4 Nd7 11. a4 Qc7 12. a5 Nc5 13. b4 Nxb4 14. Ncxe5 f6 15.
Bd2 fxe5 16. Bxb4 Bg4 17. Bxc5 Bxc5 18. Qb3+ Kh8 19. Ng5 h6 20. Ne6 Bxe6 21.
Qxe6 Rf6 22. Qc4 Raf8 23. Rab1 b6 1/2-1/2

[Event "3FoglarVeterans_SIM_A"]
[Site "?"]
[Date "2007.??.??"]
[Round "?"]
[White "Leemans, Robert"]
[Black "Timokhovich, Nikolai"]
[Result "1/2-1/2"]
[WhiteElo "2348"]
[BlackElo "2345"]
[PlyCount "60"]
[EventDate "2007.??.??"]
[EventType "corr"]
[SourceDate "2007.04.06"]

1. e4 e6 2. d4 d5 3. Nc3 Bb4 4. e5 c5 5. a3 Bxc3+ 6. bxc3 Ne7 7. Qg4 O-O 8. Bd3
Nbc6 9. Qh5 Ng6 10. Nf3 Qc7 11. Be3 c4 12. Bxg6 fxg6 13. Qg4 Qf7 14. h4 h6 15.
Ng1 Bd7 16. Ne2 Ne7 17. a4 Rfb8 18. Nf4 b5 19. axb5 Rxb5 20. Bc1 Kh7 21. Ba3
Nf5 22. g3 Rab8 23. O-O a5 24. Kg2 Be8 25. Rh1 R8b7 26. h5 gxh5 27. Nxh5 Kg8
28. Nf6+ Kh8 29. Nh5 Kg8 30. Nf6+ Kh8 1/2-1/2

[Event "3FoglarVeterans_SIM_A"]
[Site "?"]
[Date "2007.??.??"]
[Round "?"]
[White "Timokhovich, Nikolai"]
[Black "Bucek, Jiri"]
[Result "1/2-1/2"]
[WhiteElo "2345"]
[BlackElo "2370"]
[PlyCount "65"]
[EventDate "2007.??.??"]
[EventType "corr"]
[SourceDate "2007.04.06"]

1. e4 c5 2. Nf3 Nc6 3. d4 cxd4 4. Nxd4 Nf6 5. Nc3 e5 6. Ndb5 d6 7. Bg5 a6 8.
Na3 b5 9. Nd5 Be7 10. Bxf6 Bxf6 11. c3 O-O 12. Nc2 Bg5 13. a4 bxa4 14. Rxa4 a5
15. Bc4 Rb8 16. b3 Kh8 17. O-O f5 18. exf5 Bxf5 19. Nce3 Bg6 20. g3 Qd7 21. h4
Bxe3 22. Nxe3 Be4 23. Be2 Bg6 24. Bg4 Qc7 25. Be6 Ne7 26. Qd2 Rf6 27. Bd5 h6
28. Ra3 Qc5 29. Rfa1 Nxd5 30. Nxd5 Rf3 31. Ne3 Qc6 32. Rxa5 Rxb3 33. Re1
1/2-1/2

[Event "3FoglarVeterans_SIM_A"]
[Site "?"]
[Date "2007.??.??"]
[Round "?"]
[White "Peczkowski, Marek"]
[Black "Leemans, Robert"]
[Result "1/2-1/2"]
[WhiteElo "2345"]
[BlackElo "2348"]
[PlyCount "41"]
[EventDate "2007.??.??"]
[EventType "corr"]
[SourceDate "2007.04.06"]

1. e4 e6 2. d4 d5 3. Nc3 Bb4 4. e5 c5 5. a3 Bxc3+ 6. bxc3 Ne7 7. Qg4 O-O 8. Bd3
Nbc6 9. Qh5 Ng6 10. Nf3 Qc7 11. Be3 c4 12. Bxg6 fxg6 13. Qg4 Qf7 14. Ng5 Qe8
15. h4 Bd7 16. a4 a5 17. h5 h6 18. Nf3 Ne7 19. hxg6 Qxg6 20. Qxg6 Nxg6 21. Bc1
1/2-1/2

[Event "3FoglarVeterans_SIM_A"]
[Site "?"]
[Date "2007.??.??"]
[Round "?"]
[White "Anderson, Brian"]
[Black "Ryska, Jiri"]
[Result "1-0"]
[WhiteElo "2346"]
[BlackElo "2257"]
[PlyCount "95"]
[EventDate "2007.??.??"]
[EventType "corr"]
[SourceDate "2007.04.06"]

1. e4 e5 2. Nf3 Nc6 3. Bb5 a6 4. Ba4 Nf6 5. O-O Be7 6. Re1 b5 7. Bb3 d6 8. c3
O-O 9. h3 Na5 10. Bc2 c5 11. d4 Qc7 12. Nbd2 cxd4 13. cxd4 Bb7 14. d5 Rac8 15.
Bd3 Nd7 16. g4 g6 17. Nf1 Nc5 18. Ng3 Nxd3 19. Qxd3 Ba8 20. Bh6 Rfe8 21. Rec1
Qd7 22. Nd2 Nb7 23. b4 a5 24. a3 Bf8 25. Rxc8 Rxc8 26. Bxf8 Rxf8 27. Rc1 Rb8
28. Qc3 axb4 29. axb4 Nd8 30. Qc7 Qxc7 31. Rxc7 Kf8 32. Nb3 Ke8 33. Na5 Bb7 34.
Nxb7 Rxb7 35. Rxb7 Nxb7 36. Ne2 Kd7 37. g5 Kc7 38. Kg2 Nd8 39. f4 Nb7 40. Kf3
Nd8 41. Nc3 Kb6 42. Nd1 Kc7 43. Ne3 Nb7 44. Ng4 exf4 45. Nf6 Kd8 46. Kxf4 Ke7
47. Nxh7 Kd8 48. Nf6 1-0

[Event "3FoglarVeterans_SIM_A"]
[Site "?"]
[Date "2007.??.??"]
[Round "?"]
[White "Leroy, Jacques"]
[Black "Sage, Francois"]
[Result "1/2-1/2"]
[WhiteElo "2386"]
[BlackElo "2371"]
[PlyCount "91"]
[EventDate "2007.??.??"]
[EventType "corr"]
[SourceDate "2007.04.06"]

1. e4 e5 2. Nf3 Nf6 3. Nxe5 d6 4. Nf3 Nxe4 5. d4 d5 6. Bd3 Bd6 7. O-O O-O 8. c4
c6 9. Re1 Bf5 10. Qb3 Na6 11. cxd5 cxd5 12. Nc3 Be6 13. a3 Nc7 14. Qc2 f5 15.
Ne5 Rc8 16. Bf4 g5 17. Be3 Bxe5 18. dxe5 d4 19. Bxe4 fxe4 20. Rad1 Nb5 21. a4
Nxc3 22. bxc3 Rxc3 23. Qb2 Rd3 24. Rxd3 exd3 25. Bd2 Qb6 26. Qxb6 axb6 27. Re4
Ra8 28. Rxd4 b5 29. a5 b6 30. Rd6 bxa5 31. Rxe6 a4 32. Kf1 a3 33. Ke1 a2 34.
Bc3 Rc8 35. Ra6 b4 36. Bd4 b3 37. e6 Kf8 38. Kd1 Ke7 39. Rb6 Rc4 40. Bh8 Rc2
41. Rxb3 Rxf2 42. Rxd3 Rxg2 43. Rd7+ Kxe6 44. Rxh7 a1=Q+ 45. Bxa1 Rg1+ 46. Ke2
1/2-1/2

[Event "3FoglarVeterans_SIM_A"]
[Site "?"]
[Date "2007.??.??"]
[Round "?"]
[White "Glembek, Bohumir"]
[Black "Kostal, Jindrich"]
[Result "1/2-1/2"]
[WhiteElo "2189"]
[BlackElo "2385"]
[PlyCount "120"]
[EventDate "2007.??.??"]
[EventType "corr"]
[SourceDate "2007.04.06"]

1. d4 Nf6 2. c4 g6 3. Nc3 d5 4. cxd5 Nxd5 5. e4 Nxc3 6. bxc3 Bg7 7. Bc4 c5 8.
Ne2 Nc6 9. Be3 O-O 10. O-O Qc7 11. Rc1 Rd8 12. Bf4 e5 13. Bg5 Rd7 14. d5 Na5
15. Bd3 c4 16. Bc2 b6 17. Qd2 Nb7 18. Rcd1 a6 19. g3 Nc5 20. Be3 Bb7 21. Bh6 f5
22. Bxg7 Kxg7 23. Qg5 h6 24. Qe3 Nxe4 25. g4 Rxd5 26. Rxd5 Bxd5 27. gxf5 gxf5
28. Rd1 Bb7 29. Ng3 Nxg3 30. Qxg3+ Kh8 31. Kf1 Rg8 32. Qh4 Qc6 33. Rd8 Bc8 34.
Rxg8+ Kxg8 35. Qg3+ Kf7 36. Qxe5 Qe6 37. Qd4 Kg6 38. Qg4+ Kf7 39. Qd4 Bd7 40.
f4 Ke7 41. Kf2 Qd6 42. Ke3 Qg6 43. Kf2 Qg4 44. Qc5+ Kf7 45. Qc7 Qh4+ 46. Kg2
Qe7 47. Bd1 Qe6 48. Bf3 Ke7 49. Qa7 Qd6 50. Kg3 Qg6+ 51. Kf2 Qd6 52. Kg3 Kf8
53. Qa8+ Ke7 54. Qa7 Kf7 55. h4 Kf8 56. h5 Be8 57. Qc7 Qd2 58. Qc5+ Qd6 59. Qe3
Qf6 60. Kf2 Qxc3 1/2-1/2

[Event "3FoglarVeterans_SIM_A"]
[Site "?"]
[Date "2007.??.??"]
[Round "?"]
[White "Glembek, Bohumir"]
[Black "Bucek, Jiri"]
[Result "1/2-1/2"]
[WhiteElo "2189"]
[BlackElo "2370"]
[PlyCount "44"]
[EventDate "2007.??.??"]
[EventType "corr"]
[SourceDate "2007.04.06"]

1. d4 e6 2. c4 Nf6 3. Nc3 Bb4 4. e3 O-O 5. Bd3 d5 6. Nge2 dxc4 7. Bxc4 e5 8.
O-O Nc6 9. a3 Bd6 10. Nb5 a6 11. Nxd6 Qxd6 12. dxe5 Qxe5 13. Nd4 Bd7 14. Nf3
Qh5 15. Nd4 Qh4 16. b3 Rad8 17. Bb2 Ne5 18. Nf3 Nxf3+ 19. Qxf3 Bc6 20. Bxf6
gxf6 21. Qg3+ Qxg3 22. hxg3 Rd2 1/2-1/2

[Event "3FoglarVeterans_SIM_A"]
[Site "?"]
[Date "2007.??.??"]
[Round "?"]
[White "Plchut, Jan"]
[Black "Bucek, Jiri"]
[Result "0-1"]
[WhiteElo "2324"]
[BlackElo "2370"]
[PlyCount "92"]
[EventDate "2007.??.??"]
[EventType "corr"]
[SourceDate "2007.04.06"]

1. Nf3 Nf6 2. g3 d5 3. Bg2 c6 4. O-O Bg4 5. b3 Nbd7 6. Bb2 e6 7. d3 Bd6 8. Nbd2
O-O 9. Qe1 e5 10. e4 Re8 11. h3 Bh5 12. Nh4 Qc7 13. Nf5 Bf8 14. f4 dxe4 15.
Nxe4 Nxe4 16. dxe4 f6 17. g4 Bg6 18. fxe5 Nxe5 19. Kh1 Nf7 20. Rd1 Rad8 21.
Rxd8 Qxd8 22. Qe3 Bxf5 23. gxf5 a6 24. Rg1 Bd6 25. Bf1 Qe7 26. Rg4 Kh8 27. Qf2
Rd8 28. Bd4 Nh6 29. Rh4 Bg3 30. Qxg3 Rxd4 31. Bd3 Nf7 32. Qe3 Qb4 33. Rg4 Ne5
34. Rg3 c5 35. Qg1 Rd7 36. Qe3 Qc3 37. a4 h6 38. Kh2 b5 39. axb5 Nxd3 40. cxd3
axb5 41. Kg2 c4 42. bxc4 bxc4 43. Qc5 Kh7 44. Qxc4 Qd2+ 45. Kh1 Qf2 46. Rg2 Qf3
0-1

[Event "3FoglarVeterans_SIM_A"]
[Site "?"]
[Date "2007.??.??"]
[Round "?"]
[White "Miciak, Emanuel"]
[Black "Kostal, Jindrich"]
[Result "1/2-1/2"]
[WhiteElo "2372"]
[BlackElo "2385"]
[PlyCount "80"]
[EventDate "2007.??.??"]
[EventType "corr"]
[SourceDate "2007.04.06"]

1. d4 Nf6 2. c4 g6 3. Nc3 d5 4. cxd5 Nxd5 5. e4 Nxc3 6. bxc3 Bg7 7. Bc4 c5 8.
Ne2 Nc6 9. Be3 O-O 10. O-O Qc7 11. Rc1 Rd8 12. Qd2 Ne5 13. Bb3 Ng4 14. Bf4 e5
15. Bg3 Qe7 16. Bd5 Nf6 17. Bh4 Be6 18. Bxe6 Qxe6 19. d5 Qg4 20. Bxf6 Bxf6 21.
Qd3 b5 22. c4 b4 23. Rce1 Bg5 24. Nc1 Bxc1 25. Rxc1 Qg5 26. Rce1 Rd7 27. Re3 a5
28. Rg3 Qf4 29. Rf3 Qg5 30. Rh3 Qf4 31. g3 Qf6 32. Qe3 Qa6 33. Qc1 Re7 34. Rh4
f6 35. g4 a4 36. Rh3 Rb7 37. Qc2 Qb6 38. Rb1 Qd6 39. Re1 Rba7 40. Ree3 Rf7
1/2-1/2

[Event "3FoglarVeterans_SIM_A"]
[Site "?"]
[Date "2007.??.??"]
[Round "?"]
[White "Miciak, Emanuel"]
[Black "Leroy, Jacques"]
[Result "1/2-1/2"]
[WhiteElo "2372"]
[BlackElo "2386"]
[PlyCount "43"]
[EventDate "2007.??.??"]
[EventType "corr"]
[SourceDate "2007.04.06"]

1. d4 Nf6 2. c4 e6 3. Nf3 d5 4. Nc3 Be7 5. Bg5 O-O 6. e3 h6 7. Bh4 b6 8. Bd3
Bb7 9. O-O Nbd7 10. Qe2 c5 11. Bg3 cxd4 12. exd4 dxc4 13. Bxc4 a6 14. a4 Re8
15. Rfd1 Nh5 16. d5 exd5 17. Bxd5 Nxg3 18. hxg3 Bxd5 19. Nxd5 Bc5 20. Qc2 a5
21. Qf5 Nf6 22. Nxf6+ 1/2-1/2

[Event "3FoglarVeterans_SIM_A"]
[Site "?"]
[Date "2007.??.??"]
[Round "?"]
[White "Ryska, Jiri"]
[Black "Glaser, Karel"]
[Result "1/2-1/2"]
[WhiteElo "2257"]
[BlackElo "2165"]
[PlyCount "45"]
[EventDate "2007.??.??"]
[EventType "corr"]
[SourceDate "2007.04.06"]

1. d4 Nf6 2. c4 e6 3. Nf3 d5 4. Nc3 c6 5. e3 Nbd7 6. Bd3 dxc4 7. Bxc4 b5 8. Bd3
a6 9. e4 c5 10. e5 cxd4 11. Nxb5 Nxe5 12. Nxe5 axb5 13. Bxb5+ Bd7 14. Nxd7 Qa5+
15. Bd2 Qxb5 16. Nxf6+ gxf6 17. a4 Qe5+ 18. Kf1 Rb8 19. Qf3 Rxb2 20. Qa8+ Ke7
21. Qa7+ Ke8 22. Qa8+ Ke7 23. Qa7+ 1/2-1/2